000 00404nam a2200169Ia 4500
008 180424s9999 xx 000 0 und d
084 _a301.09 B2
100 _a"Bonner, N Thomas"
245 0 _aContemporary World
250 _a\\196000ENGGPSX
260 _aPrentice Hall
260 _b1960
260 _cNew Jersey
300 _axiii+594p
500 _aincludes index and biblioraphy
942 _cBK
999 _c9846
_d9846